[Event "IECC CL6-2002.09"]
[Site "IECC email"]
[Date "2002.03.05"]
[Round "?"]
[White "Howie, Andrew"]
[Black "Kowalski, Boleslaw"]
[Result "0-1"]
[WhiteElo "1175"]
[BlackElo "1506"]
[PlyCount "34"]
[EventDate "2002.??.??"]
[EventType "tourn (corr)"]
[EventRounds "4"]
[SourceTitle "Corr 2008"]
[Source "ChessBase"]
[SourceDate "2008.06.24"]
[SourceVersion "1"]
[SourceVersionDate "2008.06.24"]
[SourceQuality "1"]

1. e4 e5 2. Nf3 Nc6 3. Bc4 Bc5 4. c3 Nf6 5. b4 Bb6 6. a4 Nxe4 7. 0-0 Nxf2 8. Rxf2 Bxf2+ 9. Kxf2 e4 10. Qe1 d5 11. Bb3 0-0 12. Qe3 exf3 13. Qxf3 Re8 14. Bxd5 Ne5 15. Bxf7+ Nxf7 16. d4 Ng5 17. Qh5 Qf6+ 0-1

[Event "IECC Swiss email"]
[Site "IECC email"]
[Date "2001.12.24"]
[Round "?"]
[White "Howie, Andrew"]
[Black "Gumminger, Fred"]
[Result "0-1"]
[WhiteElo "1266"]
[BlackElo "1038"]
[PlyCount "72"]
[EventDate "2001.??.??"]
[EventType "tourn (corr)"]
[EventRounds "6"]
[SourceTitle "Corr 2008"]
[Source "ChessBase"]
[SourceDate "2008.06.24"]
[SourceVersion "1"]
[SourceVersionDate "2008.06.24"]
[SourceQuality "1"]

1. e4 c6 2. d4 d5 3. e5 Bf5 4. Nc3 e6 5. Nf3 Qb6 6. Bd3 Bxd3 7. Qxd3 Nd7 8. 0-0 c5 9. Be3 Ne7 10. b3 Nf5 11. dxc5 Bxc5 12. Bxc5 Nxc5 13. Qe2 0-0 14. Ng5 Qc6 15. b4 Nb3 16. axb3 Qxc3 17. Ra4 Nd4 18. Qh5 h6 19. Nf3 Nxc2 20. Rc1 Qxb3 21. Ra5 Qxb4 22. Ra2 Rfc8 23. h3 Na3 24. Rd1 Rc2 25. Rxc2 Nxc2 26. Rc1 Rc8 27. g4 Rc3 28. g5 Nd4 29. Rxc3 Qxc3 30. Nxd4 Qxd4 31. gxh6 gxh6 32. Qxh6 Qxe5 33. Qc1 b5 34. Qc8+ Kg7 35. Qa6 b4 36. Qxa7 b3 0-1

[Event "IECC CL5-2001.10"]
[Site "IECC email"]
[Date "2001.03.24"]
[Round "?"]
[White "Howie, Andrew"]
[Black "Pedersen, Jan"]
[Result "1-0"]
[WhiteElo "1267"]
[BlackElo "1487"]
[PlyCount "101"]
[EventDate "2001.??.??"]
[EventType "tourn (corr)"]
[EventRounds "4"]
[SourceTitle "Corr 2008"]
[Source "ChessBase"]
[SourceDate "2008.06.24"]
[SourceVersion "1"]
[SourceVersionDate "2008.06.24"]
[SourceQuality "1"]

1. e4 e5 2. Nf3 Nc6 3. Bc4 Bc5 4. d3 Nf6 5. Ng5 0-0 6. 0-0 h6 7. Nf3 d5 8. exd5 Nxd5 9. Nc3 Nxc3 10. bxc3 Bg4 11. h3 Bh5 12. Be3 Bd6 13. Bd5 Qe8 14. Rb1 b6 15. Qd2 Rd8 16. Nh4 Ne7 17. Bc4 c6 18. a4 g5 19. Bxg5 hxg5 20. Qxg5+ Kh7 21. Qxh5+ Kg7 22. Rbe1 f6 23. Nf5+ Nxf5 24. Qxf5 Qg6 25. Qf3 Rh8 26. Re3 f5 27. Qxc6 Kf6 28. f4 e4 29. dxe4 Kg7 30. Rff3 Bc5 31. Qc7+ Kh6 32. exf5 Qxf5 33. Bd3 Rxd3 34. cxd3 Qxd3 35. Qe5 Rg8 36. Qxc5 Qd1+ 37. Rf1 Qxf1+ 38. Kxf1 bxc5 39. Kf2 Rb8 40. Re6+ Kg7 41. Re7+ Kf6 42. Rc7 Rb2+ 43. Kf3 Ra2 44. g4 Rxa4 45. Rxc5 Ra1 46. g5+ Kg6 47. Rc6+ Kg7 48. f5 a5 49. Kg4 a4 50. Rc7+ Kf8 51. g6 1-0

[Event "IECC CL7-2001.05"]
[Site "IECC email"]
[Date "2001.02.12"]
[Round "?"]
[White "Howie, Andrew"]
[Black "Rosko, David"]
[Result "0-1"]
[WhiteElo "1220"]
[BlackElo "1089"]
[PlyCount "86"]
[EventDate "2001.??.??"]
[EventType "tourn (corr)"]
[EventRounds "4"]
[SourceTitle "Corr 2008"]
[Source "ChessBase"]
[SourceDate "2008.06.24"]
[SourceVersion "1"]
[SourceVersionDate "2008.06.24"]
[SourceQuality "1"]

1. e4 e5 2. Nf3 Nc6 3. Bc4 Nf6 4. Nc3 Nxe4 5. Nxe4 d5 6. Bd3 dxe4 7. Bxe4 Bd6 8. 0-0 0-0 9. d3 Bg4 10. h3 Bh5 11. Bd5 h6 12. Qe1 Nb4 13. Bb3 Bxf3 14. gxf3 Kh8 15. Qd2 Qf6 16. Re1 Qxf3 17. a3 Nc6 18. Re3 Qf5 19. Bd5 Nd8 20. Rg3 c6 21. Be4 Qh5 22. Bf3 Qh4 23. Be4 Ne6 24. Qe3 Bc5 25. Qf3 Nd4 26. Qd1 Rae8 27. Bg2 e4 28. Rg4 Nf3+ 29. Bxf3 Qxf2+ 30. Kh1 exf3 31. Bd2 Re2 32. Bf4 g5 33. Bc7 f5 34. Qg1 fxg4 35. Qxf2 Bxf2 36. hxg4 Rfe8 37. Ba5 Kh7 38. Rc1 Kg6 39. c4 h5 40. gxh5+ Kxh5 41. Rd1 Kg6 42. Bc3 R8e7 43. Rf1 Rh7# 0-1

[Event "IECC KO email"]
[Site "IECC email"]
[Date "2001.01.03"]
[Round "?"]
[White "Robertson, John"]
[Black "Howie, Andrew"]
[Result "1-0"]
[WhiteElo "1103"]
[BlackElo "1210"]
[PlyCount "67"]
[EventDate "2001.??.??"]
[EventType "tourn (corr)"]
[EventRounds "6"]
[SourceTitle "Corr 2008"]
[Source "ChessBase"]
[SourceDate "2008.06.24"]
[SourceVersion "1"]
[SourceVersionDate "2008.06.24"]
[SourceQuality "1"]

1. d4 d5 2. Nc3 e6 3. a3 Nc6 4. Nf3 Nf6 5. Bg5 h6 6. Bxf6 Qxf6 7. e4 dxe4 8. Nxe4 Qg6 9. Ng3 Bd7 10. c3 Bd6 11. Bd3 Qf6 12. 0-0 0-0-0 13. Qb3 Na5 14. Qc2 a6 15. b4 Nc6 16. Ne4 Qe7 17. a4 e5 18. b5 Na5 19. bxa6 Bc6 20. Nxd6+ cxd6 21. axb7+ Bxb7 22. Be4 d5 23. Bf5+ Kc7 24. Nxe5 Nc4 25. Nxc4 dxc4 26. Rfe1 Qg5 27. Bh3 Rd6 28. Re5 Rg6 29. Rxg5 Rxg5 30. Qe2 Bc6 31. Qe7+ Kb8 32. Rb1+ Ka8 33. Rb6 Re8 34. Ra6+ 1-0

[Event "IECC CL7-2000.41"]
[Site "IECC email"]
[Date "2000.08.14"]
[Round "?"]
[White "Howie, Andrew"]
[Black "Marshall, Derek"]
[Result "1-0"]
[WhiteElo "1089"]
[BlackElo "810"]
[PlyCount "23"]
[EventDate "2000.??.??"]
[EventType "tourn (corr)"]
[EventRounds "4"]
[SourceTitle "Corr 2008"]
[Source "ChessBase"]
[SourceDate "2008.06.24"]
[SourceVersion "1"]
[SourceVersionDate "2008.06.24"]
[SourceQuality "1"]

1. e4 e5 2. Nf3 Nf6 3. Bc4 Nxe4 4. Nxe5 Nc5 5. 0-0 Nc6 6. Nxf7 Qh4 7. Nxh8 Bd6 8. Re1+ Ne7 9. g3 Qxc4 10. Qf3 Qxc2 11. Qf7+ Kd8 12. Qf8# 1-0

[Event "IECC CL7-2000.40"]
[Site "IECC email"]
[Date "2000.08.11"]
[Round "?"]
[White "Elias Rivas, Fernando"]
[Black "Howie, Andrew"]
[Result "1-0"]
[WhiteElo "1063"]
[BlackElo "1222"]
[PlyCount "117"]
[EventDate "2000.??.??"]
[EventType "tourn (corr)"]
[EventRounds "4"]
[SourceTitle "Corr 2008"]
[Source "ChessBase"]
[SourceDate "2008.06.24"]
[SourceVersion "1"]
[SourceVersionDate "2008.06.24"]
[SourceQuality "1"]

1. d4 d5 2. c4 dxc4 3. Nf3 c5 4. e4 Bg4 5. Qa4+ Bd7 6. Qxc4 cxd4 7. Nxd4 Nc6 8. Nxc6 bxc6 9. Nc3 Nf6 10. Be2 e6 11. 0-0 Be7 12. Rd1 0-0 13. b4 Rb8 14. Rb1 e5 15. Be3 Qc8 16. Bxa7 Be6 17. Qd3 Ra8 18. Bc5 Bxc5 19. bxc5 Ra3 20. Qc2 Ng4 21. Bxg4 Bxg4 22. f3 Be6 23. Rb6 h6 24. Rd6 Bd7 25. Nb1 Ra5 26. a4 Rd8 27. Qc4 Be6 28. Qb4 Rxd6 29. Qxa5 Rd1+ 30. Kf2 Bc4 31. Qb4 Bd3 32. Rb8 Qxb8 33. Qxb8+ Kh7 34. Nc3 Rc1 35. Qxe5 f6 36. Qf5+ Kg8 37. Qe6+ Kh7 38. Qxc6 Rxc3 39. Qb6 Rc2+ 40. Ke3 Rc3 41. Kd4 Ra3 42. c6 Bf1 43. c7 Rxa4+ 44. Ke3 Ra3+ 45. Kf2 Ba6 46. Qxa6 Rxa6 47. c8Q Ra2+ 48. Kg3 g5 49. Qe6 Ra7 50. Qxf6 Rg7 51. e5 Rg6 52. Qf5 Kg7 53. e6 Rf6 54. Qe5 h5 55. e7 h4+ 56. Kg4 h3 57. e8Q hxg2 58. Qxg5+ Rg6 59. Qgxg6# 1-0

[Event "IECC Swiss email"]
[Site "IECC email"]
[Date "2000.07.18"]
[Round "?"]
[White "Woodhouse, David JF"]
[Black "Howie, Andrew"]
[Result "1-0"]
[WhiteElo "1551"]
[BlackElo "1104"]
[PlyCount "35"]
[EventDate "2000.??.??"]
[EventType "tourn (corr)"]
[EventRounds "6"]
[SourceTitle "Corr 2008"]
[Source "ChessBase"]
[SourceDate "2008.06.24"]
[SourceVersion "1"]
[SourceVersionDate "2008.06.24"]
[SourceQuality "1"]

1. e4 e5 2. Nf3 Nc6 3. Bb5 a6 4. Bxc6 dxc6 5. 0-0 Bc5 6. Nxe5 Qd4 7. Nf3 Qf6 8. d4 Bb6 9. Be3 Ne7 10. Nbd2 0-0 11. Nc4 Bg4 12. Nce5 Be6 13. Bg5 Qxg5 14. Nxg5 f6 15. Nxe6 Rfe8 16. Nc4 f5 17. Nxb6 cxb6 18. Nc7 1-0

[Event "IECC P email"]
[Site "IECC email"]
[Date "2000.05.31"]
[Round "?"]
[White "Batista, Helena"]
[Black "Howie, Andrew"]
[Result "1-0"]
[WhiteElo "1279"]
[BlackElo "1078"]
[PlyCount "45"]
[EventDate "2000.??.??"]
[EventType "tourn (corr)"]
[EventRounds "6"]
[SourceTitle "Corr 2008"]
[Source "ChessBase"]
[SourceDate "2008.06.24"]
[SourceVersion "1"]
[SourceVersionDate "2008.06.24"]
[SourceQuality "1"]

1. e4 e5 2. Nf3 Nf6 3. d4 exd4 4. e5 Nd5 5. Nxd4 Bc5 6. Be3 Nxe3 7. fxe3 d6 8. exd6 Qxd6 9. Nc3 a6 10. Ne4 Qb6 11. Nxc5 Qxc5 12. Bd3 0-0 13. 0-0 Qg5 14. Qf3 Nc6 15. Nxc6 bxc6 16. Qe4 Bf5 17. Rxf5 Qh6 18. Raf1 Rae8 19. Rxf7 g6 20. Rxf8+ Rxf8 21. Bc4+ Kg7 22. Qe5+ Rf6 23. Qxf6# 1-0

[Event "IECC KO email"]
[Site "IECC email"]
[Date "2000.03.27"]
[Round "?"]
[White "Delire, Michael"]
[Black "Howie, Andrew"]
[Result "0-1"]
[WhiteElo "1011"]
[BlackElo "1080"]
[PlyCount "74"]
[EventDate "2000.??.??"]
[EventType "tourn (corr)"]
[EventRounds "6"]
[SourceTitle "Corr 2008"]
[Source "ChessBase"]
[SourceDate "2008.06.24"]
[SourceVersion "1"]
[SourceVersionDate "2008.06.24"]
[SourceQuality "1"]

1. d4 d5 2. Nc3 Nf6 3. Nf3 Nc6 4. e3 Bg4 5. Be2 e6 6. 0-0 Bb4 7. Bd2 0-0 8. a3 Bxc3 9. Bxc3 Ne4 10. Ne5 Bxe2 11. Qxe2 Nxe5 12. dxe5 Nxc3 13. bxc3 Qg5 14. f4 Qg6 15. a4 b6 16. c4 c6 17. cxd5 cxd5 18. c4 dxc4 19. Qxc4 Rac8 20. Qa6 Rc2 21. g3 Qe4 22. Rf2 h6 23. Rxc2 Qxc2 24. Qxa7 Qc3 25. Rf1 Qxe3+ 26. Kg2 Rc8 27. Rf2 Qe4+ 28. Kg1 Rc1+ 29. Rf1 Qe3+ 30. Kg2 Qe2+ 31. Rf2 Qe4+ 32. Kh3 Rg1 33. Kg4 g5 34. h4 Qf5+ 35. Kf3 Qd3+ 36. Kg4 Rxg3+ 37. Kh5 Qg6# 0-1

[Event "IECC CL7-2000.22"]
[Site "IECC email"]
[Date "2000.03.19"]
[Round "?"]
[White "Copin, Jean Christophe"]
[Black "Howie, Andrew"]
[Result "1-0"]
[WhiteElo "1112"]
[BlackElo "1008"]
[PlyCount "69"]
[EventDate "2000.??.??"]
[EventType "tourn (corr)"]
[EventRounds "4"]
[SourceTitle "Corr 2008"]
[Source "ChessBase"]
[SourceDate "2008.06.24"]
[SourceVersion "1"]
[SourceVersionDate "2008.06.24"]
[SourceQuality "1"]

1. e4 e5 2. Nf3 Nc6 3. Bb5 Nf6 4. 0-0 Nxe4 5. d4 a6 6. Bd3 d5 7. dxe5 Bg4 8. Qe2 Nxe5 9. Bxe4 dxe4 10. Qxe4 Bd6 11. Nxe5 Bxe5 12. Qxe5+ Be6 13. Qxg7 Rf8 14. Bh6 Qe7 15. Rd1 Bd7 16. Qxf8+ Qxf8 17. Bxf8 Bf5 18. Bg7 Bxc2 19. Re1+ Kd7 20. Na3 Ba4 21. b3 Bc6 22. Rad1+ Kc8 23. Re7 b5 24. Rxf7 Kb7 25. Be5 Kb6 26. Bxc7+ Ka7 27. Ba5+ Bb7 28. Rdd7 Rb8 29. Rxh7 b4 30. Nc4 Ka8 31. Nd6 Ka7 32. Nxb7 Ka8 33. Nd8 Rc8 34. Ra7+ Kb8 35. Rhb7# 1-0

[Event "IECC CL7-2000.22"]
[Site "IECC email"]
[Date "2000.03.19"]
[Round "?"]
[White "Howie, Andrew"]
[Black "Yeomans, Alan"]
[Result "0-1"]
[WhiteElo "1036"]
[BlackElo "1066"]
[PlyCount "74"]
[EventDate "2000.??.??"]
[EventType "tourn (corr)"]
[EventRounds "4"]
[SourceTitle "Corr 2008"]
[Source "ChessBase"]
[SourceDate "2008.06.24"]
[SourceVersion "1"]
[SourceVersionDate "2008.06.24"]
[SourceQuality "1"]

1. e4 e5 2. Nf3 Nc6 3. Bc4 Nf6 4. Nc3 Bb4 5. a3 Bxc3 6. dxc3 0-0 7. Bg5 h6 8. Bxf6 Qxf6 9. 0-0 d6 10. Bb5 Bd7 11. Qd3 a6 12. Bxc6 Bxc6 13. Rfd1 Qf4 14. Nd2 f5 15. exf5 Rxf5 16. f3 Rh5 17. h3 Rf8 18. Rf1 Qg3 19. Rf2 Rxh3 20. Kf1 Rh1+ 21. Ke2 Rxa1 22. Nb3 e4 23. Qe3 exf3+ 24. gxf3 Bxf3+ 25. Rxf3 Re1+ 26. Kd3 Rxf3 27. Qxf3 Qxf3+ 28. Kc4 Re5 29. Nd4 Qd5+ 30. Kd3 c5 31. b4 cxd4 32. cxd4 Qf3+ 33. Kd2 Rh5 34. Kc1 Rh2 35. Kb2 Qe2 36. Ka1 Qxc2 37. b5 Qb2# 0-1

[Event "IECC CL7-2000.22"]
[Site "IECC email"]
[Date "2000.03.19"]
[Round "?"]
[White "Tourinho, Jorge Luiz de Morae"]
[Black "Howie, Andrew"]
[Result "0-1"]
[WhiteElo "1050"]
[BlackElo "1011"]
[PlyCount "68"]
[EventDate "2000.??.??"]
[EventType "tourn (corr)"]
[EventRounds "4"]
[SourceTitle "Corr 2008"]
[Source "ChessBase"]
[SourceDate "2008.06.24"]
[SourceVersion "1"]
[SourceVersionDate "2008.06.24"]
[SourceQuality "1"]

1. c4 e5 2. Nc3 Nf6 3. g3 Bb4 4. Bg2 0-0 5. Nf3 Nc6 6. 0-0 e4 7. Ng5 Bxc3 8. dxc3 Ne5 9. Qb3 h6 10. Nxe4 d6 11. Rd1 Bf5 12. Nxf6+ Qxf6 13. f4 Nd7 14. Qxb7 Rfc8 15. Qa6 Nc5 16. Qa5 Rab8 17. Qxa7 Re8 18. Bf3 Be4 19. Bxe4 Nxe4 20. e3 Rec8 21. Qd4 Qe6 22. Qd5 Qe8 23. Rd4 Nf6 24. Qf3 Rb6 25. b4 c5 26. bxc5 dxc5 27. Rd3 Ne4 28. Qe2 Rd8 29. Rxd8 Qxd8 30. Qe1 Rd6 31. Bb2 Rd2 32. Qb1 Qa8 33. a4 Nxc3 34. Bxc3 Qg2# 0-1

[Event "IECC P email"]
[Site "IECC email"]
[Date "2000.03.10"]
[Round "?"]
[White "Howie, Andrew"]
[Black "Dam Hansen, Jeannette"]
[Result "0-1"]
[WhiteElo "1003"]
[BlackElo "1256"]
[PlyCount "48"]
[EventDate "2000.??.??"]
[EventType "tourn (corr)"]
[EventRounds "6"]
[SourceTitle "Corr 2008"]
[Source "ChessBase"]
[SourceDate "2008.06.24"]
[SourceVersion "1"]
[SourceVersionDate "2008.06.24"]
[SourceQuality "1"]

1. e4 e5 2. Nf3 Nf6 3. Nxe5 d6 4. Nf3 Nxe4 5. d4 d5 6. Bd2 Be7 7. Be3 0-0 8. Bd3 Bg4 9. h3 Bf5 10. Nbd2 Nc6 11. 0-0 Bf6 12. c4 Nxf2 13. Rxf2 Bxd3 14. cxd5 Qxd5 15. b3 Rad8 16. Rc1 Rfe8 17. Bf4 Nxd4 18. Nxd4 Bxd4 19. Bxc7 Bxf2+ 20. Kxf2 Be2 21. Qc2 Qxd2 22. Bxd8 Qe3+ 23. Ke1 Bd3+ 24. Qe2 Qxe2# 0-1

[Event "IECC KO email"]
[Site "IECC email"]
[Date "2000.01.18"]
[Round "?"]
[White "Howie, Andrew"]
[Black "Robinson, Keith"]
[Result "1/2-1/2"]
[WhiteElo "1015"]
[BlackElo "1203"]
[PlyCount "127"]
[EventDate "2000.??.??"]
[EventType "tourn (corr)"]
[EventRounds "6"]
[SourceTitle "Corr 2008"]
[Source "ChessBase"]
[SourceDate "2008.06.24"]
[SourceVersion "1"]
[SourceVersionDate "2008.06.24"]
[SourceQuality "1"]

1. e4 e5 2. Nf3 d5 3. exd5 Qxd5 4. Nc3 Qc5 5. d3 Nc6 6. Be3 Nd4 7. Bxd4 exd4 8. Ne4 Qb4+ 9. c3 Qxb2 10. cxd4 Bb4+ 11. Nfd2 Qxd4 12. Be2 f5 13. Ng5 Bxd2+ 14. Kxd2 Qf4+ 15. Kc2 Qxg5 16. g3 Bd7 17. Qe1 Ba4+ 18. Kb1 0-0-0 19. Qa5 Rd4 20. Rc1 b6 21. Rxc7+ Kxc7 22. Qc3+ Kb8 23. Qxd4 b5 24. Qe5+ Kc8 25. Qc5+ Kb8 26. Qd6+ Kc8 27. Qf8+ Qd8 28. Qxf5+ Qd7 29. Qc5+ Kd8 30. Qf8+ Kc7 31. Qf4+ Kb6 32. Qb8+ Ka6 33. Kc1 Qc6+ 34. Kd2 Qc2+ 35. Ke3 Qc5+ 36. Kf3 Qd5+ 37. Ke3 Qe6+ 38. Kd2 h5 39. Bf3 Qh6+ 40. Ke2 Qe6+ 41. Kf1 Qd7 42. Ke2 Bc2 43. Be4 Nf6 44. Qxh8 Nxe4 45. dxe4 Qd3+ 46. Ke1 Qc3+ 47. Ke2 Qxa1 48. Qc8+ Kb6 49. Qxc2 b4 50. Qc4 Qb2+ 51. Kf1 a5 52. Qe6+ Kc7 53. Qf7+ Kb6 54. Qxh5 Qb1+ 55. Kg2 Qxe4+ 56. Kg1 a4 57. Qg5 Qh7 58. Qd8+ Kb5 59. Qd5+ Kb6 60. Qc4 Qb1+ 61. Kg2 Qb2 62. Qe6+ Kb5 63. Qd7+ Ka5 64. Qd5+ 1/2-1/2